000 01105cam a2200301 a 4500
001 vtls003245492
003 MY-SjTCS
005 20200226115625.0
008 121121s2011 ctua b 001 0 eng
020 _a9780762760831 (pbk.)
020 _a0762760834 (pbk.)
039 9 _a201603091405
_bmalathy
_c201212261417
_dshuhada
_c201212261415
_dshuhada
_y201211211030
_zwilmina
082 0 4 _a636.0887
_bVAU 2011
100 1 _aVaughan, Cathy.
_966019
245 1 0 _aHow to start a home-based pet-sitting and dog-walking business /
_cCathy Vaughan.
246 3 0 _aHome-based pet-sitting and dog-walking business
246 3 0 _aPet-sitting and dog-walking business
250 _a1st ed.
260 _aGuilford, CT :
_bGPP,
_cc2011.
300 _ax, 181 p. :
_bill. ;
_c24 cm.
490 1 _aHome-based business series
504 _aIncludes bibliographical references (p. [176]) and index.
650 0 _aPet sitting
_xVocational guidance.
650 0 _aDog walking
_xVocational guidance.
650 0 _aPets
_xServices for.
_966020
830 0 _aHome-based business series.
_955373
920 _aTBS : 190141
999 _c150997